| 000 | 01212pam a2200325 a 4500 | ||
|---|---|---|---|
| 005 | 20260322212058.0 | ||
| 008 | data | ||
| 010 | _a 91014756 | ||
| 020 |
_a083613561X : _c{dollar}14.95 |
||
| 020 |
_a9780836135619 : _c{dollar}14.95 |
||
| 040 |
_aDLC _cDLC _dDLC |
||
| 050 | 0 | 0 |
_aTX725.A1 _bS4214 1991 |
| 082 | 0 | 0 |
_a641.59 _220 |
| 092 | _a641.59 S4214 1991 | ||
| 245 | 0 | 0 |
_aExtending the table : _ba world community cookbook / _cedited by Joetta Handrich Schlabach, Kristina Mast Burnett & Mennonite Central Committee. |
| 260 |
_aScottdale, Pa. : _bHerald Press, _cc1991. |
||
| 300 |
_a332 p. : _bill. (some col.) ; _c22 cm. |
||
| 500 | _aRecipes and stories in the spirit of More-with-less cookbook. | ||
| 500 | _a"Commissioned by Mennonite Central Committee." | ||
| 500 | _aIncludes indexes. | ||
| 650 | 0 | _aInternational cooking. | |
| 655 | 0 | _aCookbooks. | |
| 700 | 1 | _aSchlabach, Joetta Handrich. | |
| 700 | 1 | _aBurnett, Kristina Mast. | |
| 710 | 2 | _aMennonite Central Committee. | |
| 906 |
_a7 _bcbc _corignew _d1 _eocip _f19 _gy-gencatlg |
||
| 991 |
_bc-GenColl _hTX725.A1 _iS4214 1991 _p00032890106 _tCopy 1 _wBOOKS |
||
| 001 | data | ||
| 999 |
_c1383 _d1383 |
||